| 000 | 00891cam a2200265 i 4500 | ||
|---|---|---|---|
| 999 |
_c2387 _d2387 |
||
| 001 | 4615968 | ||
| 005 | 20170529104706.0 | ||
| 008 | 770128s1976 enkabf b 001 0 eng | ||
| 010 | _a 77350052 | ||
| 015 | _aGB76-17933 | ||
| 020 |
_a0904759113 : _c£0.60 ($2.00 U.S.) |
||
| 040 |
_aDLC _cDLC _dDLC |
||
| 043 | _af-sa--- | ||
| 050 | 0 | 0 |
_aDT763.6 _b.R63 |
| 082 | 0 | 0 | _a301.45/19/63 |
| 100 | 1 |
_aRogers, Barbara, _d1945- _931276 |
|
| 245 | 1 | 0 |
_aDivide & rule : _bSouth Africa's Bantustans / _cby Barbara Rogers. |
| 260 |
_aLondon : _bInternational Defence and Aid Fund, _c1976. |
||
| 300 |
_a86 p., [8] p. of plates : _bill., map ; _c21 cm. |
||
| 504 | _aIncludes bibliographical references and index. | ||
| 650 | 0 |
_aApartheid _zSouth Africa. _931277 |
|
| 651 | 0 |
_aHomelands (South Africa) _931278 |
|
| 906 |
_a7 _bcbc _corignew _d3 _encip _f19 _gy-gencatlg |
||
| 942 |
_2lcc _cMONOGRAPH |
||